Normal view
MARC view
- Landup, David
Entry Personal Name
001 - CONTROL NUMBER
- control field: 6583
003 - CONTROL NUMBER IDENTIFIER
- control field: JO-AjAnu
005 - DATE AND TIME OF LATEST TRANSACTION
- control field: 20230606071351.0
008 - FIXED-LENGTH DATA ELEMENTS
- fixed length control field: 230606|| aca||aabn | a|a d
040 ## - CATALOGING SOURCE
- Original cataloging agency: JO-AjAnu
- Transcribing agency: JO-AjAnu
100 ## - HEADING--PERSONAL NAME
- Personal name: Landup, David
670 ## - SOURCE DATA FOUND
- Source citation: Work cat.: (JO-AjAnu)3412: Landup, David , author, Data Visulization in Python With Pandas and Matplotlib: Practical, hands-on، straighforward guide to understanding and performing data visualization and Exploration using python، Pandas and Matplotlib